000 00850nas a2200289 454500
001 IICA0700969
003 BR-BrBNA
005 20260323111558.0
007 ta
008 260323b bl.|||p| |||| 00| 00por d
040 _aBR-BrBNA
_bpor
_cBiblioteca Nacional de Agricultura
041 _a(En)
072 _aF01
100 1 _aVenator, C.R.
100 1 _aMuñoz, J.E.
100 1 _aBarrios, N.F. de
245 1 _aRoot immersion in water; a promising method for successful bare-root planting of Honduras pine
300 _av. 27(3) p. 287-291
650 _aPINHEIRO
650 _aPINUS CARIBAEA
650 _aRAIZ
650 _aIMERSAO
650 _aTRANSPLANTE DE PLANTA
773 0 _tTURRIALBA (IICA)
_X0041-4360
_g(Jul-Sep 1977), v. 27(3) p. 287-291
_wIICA0700969
909 _a202603
_bLúcia
_c55
_dLúcia Elande
942 _2IICA
_n0
_cANA
999 _c340953
_d340953